Detalles MARC
| 000 -LIDER |
| fixed length control field |
01590cam a22002777a 4500 |
| 001 - NÚMERO DE CONTROL |
| Identificador de número de control |
15740509 |
| 003 - IDENTIFICACDOR DE NÚMERO DE CONTROL |
| control field |
DO-SdBNP |
| 005 - DATE AND TIME OF LATEST TRANSACTION |
| control field |
20220427125017.0 |
| 008 - ELEMENTOS DE LONGITUD FIJA |
| fixed length control field |
090510s2007 dr abf b 001 0bspa d |
| 020 ## - ISBN |
| International Standard Book Number |
9789945410327 |
| 040 ## - FUENTE DE CATALOGACIÓN |
| Agencia que crea de manera original el registro |
BPMSU |
| Agencia que realiza la transcripción |
spa |
| Agencia que realiza la modificación |
BPMSU |
| -- |
|
| Idioma de catalogación |
|
| 082 00 - NÚMERO DE CLASIFICACIÓN DECIMAL DE DEWEY |
| Classification number |
923.209723 |
| Item number |
P419n 2007 |
| Edition number |
22 |
| 100 1# - ASIENTO PRINCIPAL -- NOMBRE PERSONAL |
| Nombre personal |
Núñez, Manuel, |
| Fechas asociadas con el nombre |
1957- |
| 245 10 - MENCIÓN DE TITULO |
| Título |
Peña Batlle en la Era de Trujillo / |
| Mención de responsabilidad |
Manuel Núñez. |
| 260 ## - PUBLICACIÓN, DISTRIBUCIÓN, ETC. (PIE DE IMPRENTA) |
| Lugar de publicación, distribución, etc |
Santo Domingo. : |
| Nombre del editor, distribuidor, etc. |
Editorial Letra Gráfica, |
| Fecha de publicación, distribución, etc |
2007. |
| 300 ## - DESCRIPCIÓN FÍSICA |
| Extensión |
952 p. : |
| Otros detalles físicos |
ils ; retrs., láminas. ; |
| Dimensiones |
24 cm. |
| 500 ## - NOTA GENERAL |
| Nota general |
Incluye datos biográficos del autor en la solapa de la cubierta |
| 504 ## - NOTA DE BIBLIOGRAFÍA, ETC. |
| Bibliography, etc |
Bibliografía: p.897-923. |
| 505 ## - NOTA DE CONTENIDO |
| Texto normalizado de contenido |
Cronología -- Árbol genealógico de la familia Peña Batlle -- Árbol genealógico de la familia Peña Batlle -- Nota preliminar -- Primera parte: Los años de formación (1902-1930) -- Santo Domingo durante los años mozos de Peña Batlle -- Segunda parte: El nacimiento de una conciencia geopolítica -- Tercera parte: La Era de Trujillo -- Cuarta parte: Un cauteloso opositor de la dictadura -- Quinta parte: Peña Batlle en la Era de Trujillo -- Sexta parte: Peña Batlle ante el tribunal de la historia -- Referencias bibliográficas someras -- Referencias bibliográficas someras -- Índice onomástico. |
| 590 ## - NOTA LOCAL |
| Enlace |
Inventariado, 2022/VM |
| 600 14 - ENCABEZAMIENTO DE MATERIA--NOMBRE PERSONAL |
| Nombre personal |
Peña Batlle, Manuel Arturo. |
| Fechas asociadas con el nombre |
1902-1954 |
| Subdivisión temática general |
Pensamiento político y social. |
| 600 14 - ENCABEZAMIENTO DE MATERIA--NOMBRE PERSONAL |
| Nombre personal |
Trujillo Molina, Rafael Leónidas, |
| Fechas asociadas con el nombre |
1891-1961. |
| 651 #4 - ENCABEZAMIENTO DE MATERIA--NOMBRE GEOGRÁFICO |
| Nombre geográfico |
República Dominicana |
| Subdivisión temática general |
Historia |
| Subdivisión cronológica |
1930-1961. |
| 910 ## - VALIDACIÓN |
| Validación |
VMateo V. |
| 942 ## - ADDED ENTRY ELEMENTS (KOHA) |
| Source of classification or shelving scheme |
Dewey Decimal Classification |
| Koha item type |
Libros |